000 00367nam a2200121Ia 4500
008 231129s2016||||xx |||||||||||||| ||spa||
020 _a2539-410X
082 _aCo863.6 C965c
245 0 _aCuentos cortos para esperas largas
260 _c2016
264 _aDosquebradas : Corporación Cultural Casa Creativa
942 _2ddc
_cBKS
999 _c8449
_d8449